000 00372nam a22001457a 4500
003 OSt
005 20220202154828.0
008 220202b |||||||| |||| 00| 0 eng d
020 _a8120321162
040 _cHU
082 _a621.3815
_b1
100 _aNilsson James
_929528
245 _aIntroductory Circuits For Electrical and Computer Engineering
942 _2ddc
_cBOOKS
_n0
999 _c29004
_d29004